Manuel complet de musique vocale et instrumentale ou encyclopédie musicale / (Record no. 20920)
[ view plain ]
| 000 -LEADER | |
|---|---|
| campo de control de longitud fija | 01319nam a2200253 i 4500 |
| 001 - NÚMERO DE CONTROL | |
| campo de control | 20920 |
| 003 - IDENTIFICADOR DE NÚMERO DE CONTROL | |
| campo de control | ES-MaACL |
| 005 - FECHA Y HORA DE LA ÚLTIMA TRANSACCIÓN | |
| campo de control | 20260131175833.0 |
| 007 - CAMPO FIJO DE DESCRIPCIÓN FÍSICA--INFORMACIÓN GENERAL | |
| campo de control de longitud fija | t| |
| 008 - DATOS DE LONGITUD FIJA--INFORMACIÓN GENERAL | |
| campo de control de longitud fija | 021119m18361838fr ||||1| fre d |
| 100 1# - ENTRADA PRINCIPAL--NOMBRE DE PERSONA | |
| Nombre de persona | Choron, Alexandre, |
| Fechas asociadas al nombre | 1771-1834 |
| 9 (RLIN) | 38622 |
| 245 10 - MENCIÓN DEL TÍTULO | |
| Título | Manuel complet de musique vocale et instrumentale ou encyclopédie musicale / |
| Mención de responsabilidad, etc. | par A.-É. Choron et J. Adrien de Lafage. |
| 260 ## - PUBLICACIÓN, DISTRIBUCIÓN, ETC. | |
| Lugar de publicación, distribución, etc. | Paris : |
| Nombre del editor, distribuidor, etc. | Librairie Encyclopédique de Roret, |
| Fecha de publicación, distribución, etc. | 1836-1838. |
| 300 ## - DESCRIPCIÓN FÍSICA | |
| Extensión | 6 v. ; |
| Dimensiones | 15 cm. |
| 490 1# - MENCIÓN DE SERIE | |
| Mención de serie | Manuels-Roret ; |
| Designación de volumen o secuencia | 267-272 |
| 505 8# - NOTA DE CONTENIDO CON FORMATO | |
| Nota de contenido con formato | Contiene: 1. Connaissances élémentaires; notation et exécution -- 2. Composition: t. 1. Mélodie, harmonie et accompagnement ; t. 2. Contre-point, imitation, canon et fugue ; t. 3. Instrumentations, union de la musique avec la parole, genres -- 3. Complément: t. 1. Acoustique, institutions musicales ; t. 2. Histoire de la musique, bibliographie musicale, table générale des matières |
| 530 ## - NOTA DISPONIBLE DE FORMULARIO FÍSICO ADICIONAL | |
| Nota de formato físico adicional disponible | Disponible en formato digital. |
| 650 #4 - PUNTO DE ACCESO ADICIONAL DE MATERIA--TÉRMINO DE MATERIA | |
| Término de materia o nombre geográfico como elemento de entrada | Música- |
| Subdivisión de forma | Enciclopedias. |
| 9 (RLIN) | 154079 |
| 700 1# - ENTRADA AGREGADA--NOMBRE PERSONAL | |
| Nombre de persona | La Fage, Adrien de, |
| Fechas asociadas al nombre | 1805-1862 |
| 9 (RLIN) | 69460 |
| 830 1# - PUNTO DE ACCESO ADICIONAL DE SERIE-TÍTULO UNIFORME | |
| Título uniforme | Manuels-Roret ; |
| Designación de volumen o secuencia | 267-272 |
| 9 (RLIN) | 182241 |
| 852 4# - LOCALIZACIÓN | |
| Ubicación | ES-MaACL |
| Número de control de estantería | F-2192-97 |
| 856 4# - LOCALIZACIÓN Y ACCESO ELECTRÓNICOS | |
| Identificador Uniforme de Recursos | <a href="http://bdh-rd.bne.es/viewer.vm?id=0000169194&page=1 ">http://bdh-rd.bne.es/viewer.vm?id=0000169194&page=1 </a> |
| Nota pública | Biblioteca Digital Hispánica |
| Estatus retirado | Estado de pérdida | Estado de daño | No para préstamo | Colección | Biblioteca de origen | Biblioteca actual | Ubicación en estantería | Fecha de adquisición | Fuente de adquisición | Total de préstamos | Signatura topográfica completa | Código de barras | Visto por última vez | Precio de reemplazo | Tipo de ítem Koha |
|---|---|---|---|---|---|---|---|---|---|---|---|---|---|---|---|
| Colección digital | Biblioteca del Ateneo de Madrid | Biblioteca del Ateneo de Madrid | Depósito 2 | 17/01/2008 | F-2192-97 | 1021484 | 23/02/2023 | 23/02/2023 | Libro impreso antiguo |
